<?xml version="1.0" encoding="UTF-8"?>
<record
    xmlns:xsi="http://www.w3.org/2001/XMLSchema-instance"
    xsi:schemaLocation="http://www.loc.gov/MARC21/slim http://www.loc.gov/standards/marcxml/schema/MARC21slim.xsd"
    xmlns="http://www.loc.gov/MARC21/slim">

  <leader>00788nam a2200229Ia 4500</leader>
  <datafield tag="999" ind1=" " ind2=" ">
    <subfield code="c">47147</subfield>
    <subfield code="d">47147</subfield>
  </datafield>
  <controlfield tag="003">GCL</controlfield>
  <controlfield tag="005">20240530104404.0</controlfield>
  <controlfield tag="008">140319s9999    xx            000 0 ara d</controlfield>
  <datafield tag="040" ind1=" " ind2=" ">
    <subfield code="a">GCL / </subfield>
    <subfield code="c">GCL</subfield>
  </datafield>
  <datafield tag="082" ind1="0" ind2="4">
    <subfield code="a">155.4</subfield>
    <subfield code="b">&#x643; &#x633;</subfield>
  </datafield>
  <datafield tag="100" ind1="1" ind2=" ">
    <subfield code="a">&#x62B;&#x64A;&#x631;&#x633;&#x62A;&#x648;&#x646;&#x60C; &#x62B;&#x644;&#x645;&#x627;&#x62C;&#x648;&#x64A;&#x646;</subfield>
  </datafield>
  <datafield tag="245" ind1="1" ind2="0">
    <subfield code="a">&#x627;&#x644;&#x642;&#x62F;&#x631;&#x627;&#x62A; &#x627;&#x644;&#x639;&#x642;&#x644;&#x64A;&#x629; &#x639;&#x646;&#x62F; &#x627;&#x644;&#x627;&#x637;&#x641;&#x627;&#x644; / </subfield>
    <subfield code="c">&#x62B;&#x644;&#x645;&#x627;&#x62C;&#x648;&#x64A;&#x646; &#x62B;&#x64A;&#x631;&#x633;&#x62A;&#x648;&#x646;</subfield>
  </datafield>
  <datafield tag="300" ind1=" " ind2=" ">
    <subfield code="a">125 &#x635;</subfield>
  </datafield>
  <datafield tag="490" ind1=" " ind2=" ">
    <subfield code="a">&#x633;&#x644;&#x633;&#x644;&#x629; &#x62F;&#x631;&#x627;&#x633;&#x627;&#x62A; &#x633;&#x64A;&#x643;&#x648;&#x644;&#x648;&#x62C;&#x64A;&#x629;</subfield>
    <subfield code="v">0</subfield>
  </datafield>
  <datafield tag="650" ind1="0" ind2="4">
    <subfield code="a">&#x627;&#x644;&#x642;&#x62F;&#x631;&#x629; &#x627;&#x644;&#x639;&#x642;&#x644;&#x64A;&#x629;</subfield>
  </datafield>
  <datafield tag="650" ind1="0" ind2="4">
    <subfield code="a">&#x627;&#x644;&#x627;&#x637;&#x641;&#x627;&#x644; - &#x646;&#x645;&#x648;</subfield>
  </datafield>
  <datafield tag="650" ind1="0" ind2="4">
    <subfield code="a">&#x627;&#x644;&#x627;&#x637;&#x641;&#x627;&#x644;- &#x627;&#x644;&#x642;&#x62F;&#x631;&#x629; &#x627;&#x644;&#x639;&#x642;&#x644;&#x64A;&#x629;</subfield>
  </datafield>
  <datafield tag="700" ind1="1" ind2=" ">
    <subfield code="a">&#x639;&#x628;&#x62F;&#x627;&#x644;&#x641;&#x62A;&#x627;&#x62D; &#x627;&#x644;&#x645;&#x646;&#x64A;&#x627;&#x648;&#x649; (&#x645;&#x62A;&#x631;&#x62C;&#x645;)</subfield>
  </datafield>
  <datafield tag="700" ind1="1" ind2=" ">
    <subfield code="a">&#x639;&#x628;&#x62F;&#x627;&#x644;&#x639;&#x632;&#x64A;&#x632; &#x627;&#x644;&#x642;&#x648;&#x635;&#x649; (&#x645;&#x642;&#x62F;&#x645;)</subfield>
  </datafield>
  <datafield tag="700" ind1="1" ind2=" ">
    <subfield code="a">&#x628;&#x64A;&#x631;&#x646;&#x60C; &#x643;&#x627;&#x62A;&#x631;&#x64A;&#x646; &#x645;&#x627;&#x646;</subfield>
  </datafield>
  <datafield tag="942" ind1=" " ind2=" ">
    <subfield code="2">ddc</subfield>
    <subfield code="c">BK</subfield>
  </datafield>
  <datafield tag="952" ind1=" " ind2=" ">
    <subfield code="0">0</subfield>
    <subfield code="1">0</subfield>
    <subfield code="4">0</subfield>
    <subfield code="7">0</subfield>
    <subfield code="a">CAI</subfield>
    <subfield code="b">CAI</subfield>
    <subfield code="d">2014-03-26</subfield>
    <subfield code="l">0</subfield>
    <subfield code="o">155.4\&#x643; &#x633;</subfield>
    <subfield code="p">114242</subfield>
    <subfield code="r">2014-03-26 00:00:00</subfield>
    <subfield code="w">2014-03-26</subfield>
    <subfield code="y">BK</subfield>
  </datafield>
  <datafield tag="952" ind1=" " ind2=" ">
    <subfield code="0">0</subfield>
    <subfield code="1">0</subfield>
    <subfield code="2">ddc</subfield>
    <subfield code="4">0</subfield>
    <subfield code="7">0</subfield>
    <subfield code="a">CAI</subfield>
    <subfield code="b">CAI</subfield>
    <subfield code="c">MAIN-LIBRARY</subfield>
    <subfield code="d">2018-05-06</subfield>
    <subfield code="l">0</subfield>
    <subfield code="o">155.4 &#x643; &#x633;</subfield>
    <subfield code="p">164667</subfield>
    <subfield code="r">2018-05-06 00:00:00</subfield>
    <subfield code="w">2018-05-06</subfield>
    <subfield code="y">BK</subfield>
  </datafield>
  <datafield tag="952" ind1=" " ind2=" ">
    <subfield code="0">0</subfield>
    <subfield code="1">0</subfield>
    <subfield code="2">ddc</subfield>
    <subfield code="4">0</subfield>
    <subfield code="7">0</subfield>
    <subfield code="a">CAI</subfield>
    <subfield code="b">CAI</subfield>
    <subfield code="c">MAIN-LIBRARY</subfield>
    <subfield code="d">2018-05-06</subfield>
    <subfield code="l">0</subfield>
    <subfield code="o">155.4 &#x643; &#x633;</subfield>
    <subfield code="p">164668</subfield>
    <subfield code="r">2018-05-06 00:00:00</subfield>
    <subfield code="w">2018-05-06</subfield>
    <subfield code="y">BK</subfield>
  </datafield>
</record>
